Регионална библиотека "Любен Каравелов" - Русе

Микробиология (Запис номер 56939)

MARC детайли
000 -Лидер
Контролно поле с фиксирана дължина 01463nam a2200349 c 4500
003 - Код на организацията, давaща контролен номер
Контролно поле BLK
005 - Дата и час на последна редакция
Контролно поле 20200508154932.0
008 - Елементи от данни с фиксирана дължина
fixed length control field 180408b bul|||||r ||||||| ||bul||
010 ## - Наследен системен номер
LC control number KNG00060926000
040 ## - Източник на каталожния запис
Идентификатор на билиотеката - собственик на записа BLK
041 ## - Код за език
Код за езика на текст/звукозапис или на отделно заглавие Български
Код за езика КДБФ Български
080 ## - УДК
Текстов определител УДК Микробиология. Вж и 663
УДК код - определител по УДК 579
УДК определител (075.8)
УДК - код + определител 579(075.8)
080 ## - УДК
Текстов определител УДК Селско стопанство. Горско стопанство. Лов. Рибно стопанство
УДК код - определител по УДК 63
УДК определител :579(075.8)
УДК - код + определител 63:579(075.8)
100 1# - Редна дума - Автор
Автор Киров, Николай Т.
Авторска отговорност първи автор
R(LIN) 369399
139 ## - Редно поле
Редна дума Киров, Николай Т. и др.
Авторски знак Киро - К 59
245 10 - Сведения за заглавието
Заглавие Микробиология
Подзаглавни данни Учебник за студентите по зооинженерство
Редно поле (дума) Николай Т. Киров; съавт. Христо Вичев Чомаков.
250 ## - Област на изданието
Сведения за изданието 2. прераб. и доп. изд.
257 ## - Страна на издаване
Страна на създаване/издаване България
260 ## - Област на издателските данни
Име на издателя, разпространителя и проч. Земиздат
Година на издаване 1985
Печатница Хасково : Ат. Стратиев
Място на издаване, разпространение и проч. София
300 ## - Физическа характеристика
Страници 284 с.
Илюстрации и др. с ил.
Размери/Мащаб 24 см
380 ## - Жанр
Жанр Естествени науки. Математика
500 ## - Общи забележки
Забележка 1. изд. 1977
650 #4 - Допълнително описание по предмет – тема
Основно описание – тема или топоним Микробиология - учебници за ВУЗ
9 (RLIN) 242072
653 ## - Ключова дума – ненормативна
Ключова дума микробиология
653 ## - Ключова дума – ненормативна
Ключова дума учебници за ВУЗ
700 1# - Други автори (авторска отговорност)
Лично име Чомаков, Христо Вичев
Автороска отговорност (Описва отношението между автора и произведението) съавт.
9 (RLIN) 275630
852 ## - Местоположение
Форматна сигнатура Цб 133453
856 4# - Електронен адрес и достъп
Електронен формат pdf - файл
856 4# - Електронен адрес и достъп
Електронен формат pdf - файл
999 ## - СИСТЕМНИ КОНТРОЛНИ НОМЕРА
Koha biblionumber 56939
Koha biblioitemnumber 56939
942 ## - АРТИКУЛИ
Вид на библиотечния материал Книги
Скрит в OPAC Не
Периодичен библиозапис Да
944 ## - СЪЗДАВАНЕ И РЕДАКЦИЯ на ЗАПИСА
Създаване/Редакция Създаване
Дата на регистрацията/редакция 13.06.2004
Служител, извършил регистрацията/редакцията Геновева_Генчева
944 ## - СЪЗДАВАНЕ И РЕДАКЦИЯ на ЗАПИСА
Създаване/Редакция Редакция
Дата на регистрацията/редакция 20.08.2015
999 ## - СИСТЕМНИ КОНТРОЛНИ НОМЕРА
Koha biblioitemnumber 56939
Наличности
Код за отписване Код за изгубен артикул Източник на класификационната схема Код за повреда Коз за рестрикции Код за отдаване Артикулен № Име на библиотеката - собственик Име на библиотеката, в която се намира в момента Статус (Текущо местоположение) Дата на вписване в системата Местоположение - отдел Цена в лева Инвентарен номер Систематично азбучна сигнатура Баркод Номер на екземпляра Цена в евро Служебна бележка Служебен тип на артикула
Изтеглен Не е изгубен Universal Decimal Classification Не е повреден без рестрикции ползва се в читалня 91311 Регионална библиотека "Любен Каравелов" Русе Регионална библиотека "Любен Каравелов" Русе Читалня 1993-01-01 Читалня 1.45 425468 Ч 579/К 59 425468 1 0.74 Дата инв: 17.03.2017 Бележки инв: Ч2017 Книги
  Не е изгубен Universal Decimal Classification Не е повреден без рестрикции ползва се в читалня 91312 Регионална библиотека "Любен Каравелов" Русе Регионална библиотека "Любен Каравелов" Русе Хранилище 1985-01-01 Хранилище 1.45 425273 Цб 133453 120000425273 2 0.74 Дост: Dp Вид: Д N: стар фонд Дата: 01.01.1985 Книги
Vip Innovations Ltd, Rousse, Bulgaria 2025